000 00940nam a22003137a 4500
003 CHAP
005 20220329135748.0
008 971013s1968 r 00010 d
010 _a41657
011 _a42629
035 _a46758
040 _cCHAP
090 _aFolleto 2202
100 0 0 _aMuñoz Vázquez, Jesús.
_979697
245 _aSisal
260 _a(s.l.) :
_bBanco Nacional Agropecuario,
_c1968
300 _a31 p.
_b: ilus
490 _aBoletín técnico
_v; 8
590 _aBATCH-UPD
_b10
_c20130110
_lUCH01
_h1852
590 _aBATCH-UPD
_b10
_c20130410
_lUCH01
_h1221
590 _aBATCH-UPD
_b10
_c20130914
_lUCH01
_h0654
590 _aCONVERSION
_b10
_c20130109
_lUCH01
_h1323
650 1 4 _aHenequén.
_953567
830 0 _aBoletín técnico
_v; 8
_913560
901 _aBK
942 _cFOLL
949 _aFolleto 2202
_bBC
_cFOLL
_d-106523
_eTS1
_i46758
_mD
_si
949 _aFolleto 2202
_bBC
_cFOLL
_d-106524
_eTS2
_fc.2
_i46758
_mD
_si
999 _c41657
_d41657